000 00299nam a22001337a 4500
008 170522b xxu||||| |||| 00| 0 eng d
020 _a9780765609052
041 _aeng
080 _a94(4)
100 _a16
101 _aSHH
245 _aEUROPENA HISTORY HIGWAY
_cTRINKLE.D.A
942 _2udc
_cBK
999 _c13729
_d13729